| 000 | 01284cas a22003857a 4500 | ||
|---|---|---|---|
| 005 | 20220329142322.0 | ||
| 008 | 000621d19731982mx mr pernn 0 1b1spa d | ||
| 010 | _a81636 | ||
| 011 | _a82608 | ||
| 022 | _a0185-190X | ||
| 035 | _a93107 | ||
| 245 | 0 | 0 |
_aComunidad CONACYT _c/por Consejo Nacional de Ciencia y Tecnología |
| 260 | 0 |
_aMéxico, D. F. : _bCONACYT, _c1973-1982. |
|
| 300 | _av. | ||
| 310 | _aMensual | ||
| 362 | _av.7 n.121-122, 1981 | ||
| 500 | _aSe dejó de recibir a partir del v.7 n.125 de 1981. | ||
| 590 |
_aBATCH-UPD _b10 _c20130110 _lUCH01 _h1426 |
||
| 590 |
_aBATCH-UPD _b10 _c20130410 _lUCH01 _h0905 |
||
| 590 |
_aBATCH-UPD _b10 _c20130914 _lUCH01 _h0934 |
||
| 590 |
_aCONVERSION _b10 _c20130109 _lUCH01 _h1345 |
||
| 650 | 1 | 4 |
_aCiencia _xPublicaciones periódicas. _923133 |
| 650 | 1 | 4 |
_aTecnología _xPublicaciones periódicas. _9111954 |
| 866 | _av.3 n.81-84 (1977) | ||
| 866 | _av.4 n.85,90-93,96 (1978) | ||
| 866 | _av.5 n.101-102 (1979) | ||
| 866 | _av.5 n.104,106-108 (1979) | ||
| 866 | _av.5 n.97-99 (1979) | ||
| 866 | _av.6 n.109-113 (1980) | ||
| 866 | _av.6 n.119-120 (1980) | ||
| 866 | _av.7 n.121-125 (1981) | ||
| 901 | _aSE | ||
| 905 | _aLilia Sánchez G. | ||
| 999 |
_c81636 _d81636 |
||